000 00541nam a22001577a 4500
999 _c11954
_d11954
008 190114b ||||| |||| 00| 0 eng d
020 _a971-542-288-8
082 _22001
_aDFil 899.211
_bP53
245 _aThe Poor Fisherman and His Wife(Ilocano)/
_cDamiana Eugenio [Compiler and Editor]
260 _aQuezon City:
_bUP Press;
_cc2001.
300 _aPage 343-344;
_c23 cm.
500 _aPhilippine folk literature: The folk tales
650 _aFolklore
_933975
650 _aPhilippine folk literature--Collections
_933976
942 _2ddc
_cDFIL